[Event "World-ch Carlsen-Karjakin Tiebreak"]
[Site "New York"]
[Date "2016.11.30"]
[Round "1"]
[White "Karjakin, Sergey"]
[Black "Carlsen, Magnus"]
[Result "1/2-1/2"]
[WhiteElo "2772"]
[BlackElo "2853"]
[Annotator "Navara,D"]
[PlyCount "74"]
[EventDate "2016.11.30"]
[EventType "match (rapid)"]
[EventRounds "4"]
[EventCountry "USA"]
[SourceTitle "CBM 176"]
[Source "ChessBase"]
[SourceDate "2017.01.17"]
[SourceVersion "1"]
[SourceVersionDate "2017.01.17"]
[SourceQuality "1"]

{The match had been very tense. Many people including me expected Magnus to be
a clear favourite, but Sergey and his team prepared excellently. The tie-break
was eagerly awaited by the chess world.} 1. e4 e5 2. Nf3 Nc6 3. Bb5 a6 4. Ba4
Nf6 5. O-O Be7 6. d3 b5 7. Bb3 d6 8. a3 O-O 9. Nc3 Nb8 {This might have been a
little surprise. Magnus had already tried} (9... Na5 10. Ba2 Be6) ({and} 9...
Be6 {in the previous games of the match, both times equalising without too
many problems.}) {On the other hand, the knight retreat has already been
played many times. Wesley So adopted it twice. The idea resembles the Breyer
line in Classical Ruy Lopez. In both lines Black retreats the knight to enable
the advance of his c-pawn. On the other hand, there are some differences as
well. In the Breyer, Black's knight might be better placed on d7 and its
removal from e4 increases the pressure against e4 and forces White to make
some concessions like removing his bishop from the a2-g8 diagonal by playing
Bb3-c2. Here the knight mostly comes back to c6, preventing the advance d3-d4
and getting space in the centre. This is also often the main idea behind the
Nc6-a5 sortie in various anti-Marshall lines.} 10. Ne2 ({The remarkable game
Anand - So saw} 10. Ng5 Nc6 $1 11. Ba2 Nd4 12. Ne2 Nxe2+ 13. Qxe2 h6 14. f4 $5
hxg5 (14... exf4 15. Nf3 g5 16. g3 fxg3 17. h4 $44 {Anand}) 15. fxg5 Ng4 16. g6
$44 {1-0 (45) Anand,V (2791)-So,W (2788) Shamkir 2015 CBM 166 [Anand,V]. White
went on to win, but Black could have equalised in the opening.}) (10. a4 b4 11.
Nd5 {also looks logical, but Black should be able to equalise after} Nxd5 12.
Bxd5 c6 13. Bb3 Nd7 14. d4 (14. Be3 $5) 14... a5 15. dxe5 dxe5 {1/2-1/2 (31)
Caruana,F (2820)-So,W (2762) Wijk aan Zee 2015}) 10... c5 11. Ng3 Nc6 12. c3 {
The advance d3-d4 could hardly bring White anything tangible, but this little
move is useful anyway. Taking the d4-square under control might enable the
manoeuvre Nf3-h4-f5 later on. True, this often fails to ...Nxe4 and ...Bxh4,
but Black must be ready to meet White's activity on various parts of the board.
} Rb8 {Nimzowitsch would probably like this mysterious rook move. Black
slightly improves his rook, foreseeing the opening of the b-file. The Rf8 and
Bc8 are placed well, protecting f7 and f5 respectively.} (12... Be6 {was also
an option, but} 13. Bxe6 fxe6 14. b4 {leaves White's pawn structure somewhat
more flexible.}) 13. h3 (13. d4 {was not a great idea in view of} cxd4 14. cxd4
Bg4 {. On the other hand, now it becomes a serious option.}) 13... a5 {Black
would like to play a5-a4, fixing White's queenside pawns.} ({The advance} 13...
d5 $6 {is hardly recommendable, as it creates too many weaknesses after} 14.
exd5 Nxd5 15. Re1 f6 16. Nh4 g6 17. Bh6 Re8 18. Nf3 $36 {.}) 14. a4 ({The
advance} 14. d4 a4 15. Ba2 {not only generates some pressure in the centre,
but also weakens the c4-square.}) 14... b4 {Black has weakened the c4-square,
but White can hardly exploit it.} 15. Re1 {Nimzowitsch would be pleased again.}
({It looked tempting to prepare the f2-f4 advance by means of} 15. Nh2 {
, but this enables} bxc3 16. bxc3 d5 {.} {White can play} 17. Ng4 {, but it
does not give him an edge.}) (15. Nh4 $6 Nxe4) 15... Be6 16. Bc4 {The opening
has been a moderate success for White, who has more prospects of active play.
Both d3-d4 and Nf3-h4-f5 might be unpleasant for Black later on, though not
now.} ({After} 16. Bxe6 fxe6 {White's pawn structure would remain a bit more
flexible, but there is a big question about where to play. As the game showed,
Black is ready for the d3-d4 advance. On the other hand, White can hardly
create active play on the kingside.}) 16... h6 (16... Bxc4 $6 17. dxc4 {
would weaken the f5- and d5-squares.}) 17. Be3 ({Komodo suggests} 17. Bb5 {
, e.g.} Qc7 $6 (17... Na7 18. c4) 18. Nh4 Na7 19. Bc4 {with an edge for White.
The control of the f5-square might indeed be important. The text is simple and
good.}) 17... Qc8 {Black keeps an eye on f5 and can occasionally push d6-d5.}
18. Qe2 ({The pawn sacrifice} 18. Nh4 $5 Nxe4 19. Bxe6 $1 Qxe6 20. dxe4 Bxh4
21. Nf5 Be7 22. Qd5 Rbc8 {would bring White compensation for the pawn, but not
more.}) 18... Rd8 19. Bxe6 fxe6 $6 (19... Qxe6 {was entirely playable, but
Magnus prefered to protect the f5-square.}) 20. d4 ({White could also prepare
the pawn advance by means of} 20. Rad1 {.}) 20... bxc3 21. bxc3 cxd4 22. cxd4
exd4 23. Nxd4 $6 ({Komodo rightly prefers} 23. Bxd4 $1 $14 {, when Black could
have problems with his exposed pawn structure. He can hardly exchange the
minor pieces, as} Nxd4 $6 24. Nxd4 {would leave his pawns on a5 and e6 rather
vulnerable.}) 23... Nxd4 24. Bxd4 Rb4 {Now Black gets enough counterplay.} 25.
Rec1 Qd7 26. Bc3 Rxa4 27. Bxa5 {The position is drawish after the elimination
of the queenside pawns.} Rxa1 28. Rxa1 Ra8 29. Bc3 Rxa1+ 30. Bxa1 Qc6 31. Kh2
Kf7 32. Bb2 Qc5 33. f4 Bd8 34. e5 (34. Qd1 {was a bit more tricky, as} Bb6 (
34... Qb4 {is safer}) 35. Bxf6 Kxf6 {allows} 36. e5+ $1 Ke7 37. Ne4 {Still,}
Qe3 38. Qxd6+ (38. exd6+ Kd8 $11) 38... Kf7 39. Qd7+ Kf8 {gives Black
sufficient counterplay.}) 34... dxe5 35. Bxe5 Bb6 36. Qd1 Qd5 37. Qxd5 Nxd5
1/2-1/2

[Event "World-ch Carlsen-Karjakin Tiebreak"]
[Site "New York"]
[Date "2016.11.30"]
[Round "2"]
[White "Carlsen, Magnus"]
[Black "Karjakin, Sergey"]
[Result "1/2-1/2"]
[WhiteElo "2853"]
[BlackElo "2772"]
[Annotator "Navara,D"]
[PlyCount "167"]
[EventDate "2016.11.30"]
[EventType "match (rapid)"]
[EventRounds "4"]
[EventCountry "USA"]
[SourceTitle "CBM 176"]
[Source "ChessBase"]
[SourceDate "2017.01.17"]
[SourceVersion "1"]
[SourceVersionDate "2017.01.17"]
[SourceQuality "1"]

1. e4 e5 2. Nf3 Nc6 3. Bc4 Bc5 4. O-O Nf6 5. d3 O-O 6. a4 ({GM Alexey Kuzmin
has recently analysed} 6. c3 d5 {in his review and came to the conclusion that
Black can equalise without too many problems.}) 6... a6 ({I wonder whether} 
6... d5 7. exd5 Nxd5 8. Nbd2 ({or} 8. Re1 {is really better for White, but at
least it leads to a relatively unexplored position which Magnus had
undoubtedly analysed.})) 7. c3 d6 (7... d5 8. exd5 Nxd5 9. a5 {was played in
Karjakin - Giri and a few other games.}) 8. Re1 Ba7 (8... Ng4 9. Re2 {brings
Black nothing} Kh8 10. h3 Nh6 (10... f5) 11. d4 $16) 9. h3 Ne7 {The knight
goes to a better square.} 10. d4 Ng6 11. Nbd2 c6 {Now White has to reckon with
d6-d5.} 12. Bf1 {Black has equalised, but the position remains complex.} a5 {
This move is questionable, as the a5-pawn might become weak after Nd2-c4.} ({
It might have been better to play} 12... Be6) ({or} 12... Re8) 13. dxe5 $1 {
White correctly assumes that the control of the c4-square might bring him some
initiative.} (13. b3 {was also possible, but} Qc7 14. Qc2 Be6 15. Nc4 $6 {
is not to be recommended in view of} exd4 16. cxd4 d5 17. exd5 Bxd5 {, when
Black obtains comfortable play.}) 13... dxe5 (13... Nxe5 $5 {was not bad,
either.}) 14. Qc2 Be6 15. Nc4 Qc7 16. b4 axb4 {This does not equalise, but the
alternatives did not look any better.} ({The computer shows that} 16... h6 $1 {
was fully playable, as} 17. Nxa5 c5 {gives Black full compensation, but this
is very hard to realise and evaluate correctly.}) 17. cxb4 b5 18. Ne3 $1 bxa4
19. Rxa4 Bxe3 (19... h6 $14) 20. Bxe3 ({My silicon friend pleads for} 20. Rxe3
Rxa4 21. Qxa4 $14 {, but Magnus had his own idea. A good one.}) 20... Rxa4 21.
Qxa4 Nxe4 22. Rc1 Bd5 23. b5 cxb5 {Sergey choses a radical solution. His
position was far from easy.} (23... c5 {leaves Black a pawn up, but White's
passed pawn and his bishop pair outweigh the minimal material disadvantage.} {
White remains somewhat better after both} 24. Bc4 ({and} 24. Qc2 Qb7 25. Nd2 {
, even though there remain some issues.})) (23... Qd6 24. b6 $1 {is also
unpleasant for Black.} (24. bxc6 Rc8 25. Bb5 Ne7 {might lead to an exchange of
the c6-pawn for the e5-pawn. The resulting positions should be easy to hold.}))
(23... Nd6 24. b6 $14) 24. Qxe4 $1 Qxc1 25. Qxd5 Qc7 26. Qxb5 $16 {The smoke
has cleared. White has a minimal material advantage and can play for the win
without any risk. His bishop pair is really powerful, whereas Black's rook is
not so useful when the play goes on the kingside only. I believe that very few
people would be able to save such a position against Magnus. Unlike his
opponent, Sergey was already short of time. He deserves credit for his
tenacious defence.} Rb8 {.} 27. Qd5 Rd8 {70} 28. Qb3 Rb8 29. Qa2 h6 30. Qd5 Qe7
31. Qe4 Qf6 32. g3 Rc8 33. Bd3 (33. h4 $1 {might have been slightly stronger,
as} Qc6 34. Qxc6 Rxc6 35. h5 Ne7 36. Nxe5 {leaves more pieces on the board,
which should favour White. It is easy to recommend this with the engine, but
quite hard to play such a position accurately in a rapid game.}) 33... Qc6 $1 {
The queen swap would help Black to release the tension and to protect his king.
} 34. Qf5 (34. Qxc6 Rxc6 35. Bxg6 Rxg6 36. Nxe5 Ra6 {looks tenable for Black.
A similar endgame appeared in a recent game Nisipeanu - Kramnik. The top
Russian player pressed hard with his bishop and knight against the rook, but
eventually had to agree to a draw. The Karjakin - Anand game from the
Candidates Tournament 2014 in Khanty-Mansiysk also comes to one's mind.}) 34...
Re8 (34... Rd8 $1 35. Be4 Qc8 36. Qh5 Qe6 {(Komodo) might have been more
accurate, but it would be unfair to criticise Sergey for omitting this.}) 35.
Be4 (35. h4 $5 Qe6 36. Qe4 $1 {was a serious option.}) 35... Qe6 36. Qh5 Ne7 $5
{This was a clever defence. I consider it a good practical decision, but you
might disagree with me.} 37. Qxe5 $6 {This is tempting but not the best. With
the queens off the board, Black can probably hold.} (37. Bh7+ Kh8 38. Bd3 Kg8
39. Qxe5 $6 (39. Ng5 $1) 39... Qxe5 40. Nxe5 Nf5 $1 41. Bxf5 (41. Bf4 $6 Nd4 {
also leads to further exchanges.}) 41... Rxe5 {was similar to the game.}) ({
The strongest continuation was} 37. Ng5 $1 Qc4 38. Bd3 Qd5 39. Be4 $1 ({Even} 
39. Nxf7 Ra8 40. Nxh6+ $1 gxh6 41. Bb1 $16 {is quite dismal for Black.}) 39...
Qc4 40. Bh7+ Kf8 41. Ne4 Qe6 (41... Ra8 42. Kh2) 42. Bc5 $1 {and Black can
hardly resist White's attack.} (42. Nc5 Qd5 43. Qxe5 $5 {is nice but less
convincing:} Rc8 (43... Qxe5 $4 44. Nd7#) 44. Qc3 $6 f5 $1)) 37... Qxe5 38.
Nxe5 Ng6 $1 39. Bxg6 (39. Nxg6 $6 Rxe4 {was less promising, as it is hard to
attack Black's kingside pawns.}) 39... Rxe5 40. Bd3 {White's bishop pair is
really powerful, but it is questionable whether it can successfully attack
Black's kingside pawns. White might attack the weakest pawn with his king and
one of his bishops, but Black can defend it with his two pieces. White would
need to use his second bishop to cut off the rook from the weakest pawn, but
this is easier said than done. I cannot tell you whether the position is drawn
or winning, as it is still fairly complex.} f6 {Sergey probably takes the
correct decision. During the game I expected h6-h5 and g7-g6, but the f7-pawn
would not be any safer than the g7-pawn in the game. Apart from that, Black
would need to reckon with White's king's penetration through g5 or with the
pawn break f2-f4-f5.} 41. Kg2 {The g7-pawn is really hard to reach. White
probably needs to put his bishop on f8. He would like to push his opponent's
king on to h8, move his king to g6, bishop to f8 and finally play Bf7 with the
Black's rook on the 7th rank, but this is not easy to achieve. I guess that
Black can prevent it. At least in the game he did.} Kh8 {Black refrains from
making committal moves like g7-g5.} 42. Kf3 Rd5 43. Bg6 Ra5 44. Ke4 Rb5 45. h4
Re5+ 46. Kd4 Ra5 47. Kc4 Re5 48. Bd4 Ra5 49. Bc5 Kg8 50. Kd5 Rb5 51. Kd6 Ra5
52. Be3 Re5 53. Bf4 Ra5 54. Bd3 Ra7 (54... g5 $5 {deserved serious attention,
here. True,} 55. Be3 gxh4 56. gxh4 Kg7 {The further weakens Black's position,
but the pawn exchange could simplify the defence. I do not know whether 54...
g5 is good or not. White might have avoided it.}) 55. Ke6 Rb7 56. Kf5 Rd7 57.
Bc2 Rb7 58. Kg6 $1 {A great move. The king's activity is more important than
the f2-pawn, here.} (58. Be4 {looks stronger, even though} Re7 59. f3 Kh7 $1 {
considerably complicates White's further progress}) 58... Rb2 59. Bf5 Rxf2 60.
Be6+ Kh8 61. Bd6 Re2 (61... Rg2 62. Kf7 {does not change much.}) 62. Bg4 $2 ({
As it turns out, White could win here:} 62. Kf7 Rc2 63. g4 $1 (63. Bf8 $2 Rc7+
64. Kg6 f5 $1) 63... h5 $1 (63... Rc6 $2 64. Bf8 Rc7+ 65. Kg6 {followed by Bf7
would be simple.}) 64. gxh5 Rb2 65. h6 $1 gxh6 66. Bf8 Rb7+ 67. Kg6 Rh7 (67...
h5 68. Bf7 $18) 68. h5 f5 69. Bc5 Rg7+ 70. Kxh6 Rh7+ 71. Kg6 Rg7+ 72. Kxf5 {
This endgame is winning for White, even though he still needs to display good
technique. But it is extremely easy to criticise the players, when one is
equipped with modern technology. And it is very difficult to play such a
position accurately. Do not expect me to tell you where Black made the
previous mistake. I simply do not know.}) 62... Re8 {Now Black's position is
tenable again.} 63. Bf5 Kg8 64. Bc2 Re3 65. Bb1 Kh8 66. Kf7 Rb3 67. Be4 Re3 68.
Bf5 Rc3 69. g4 Rc6 70. Bf8 Rc7+ 71. Kg6 {White is threatening Bf5-e6-f7.} Kg8
$1 {The only defence.} 72. Bb4 Rb7 $2 (72... Rc6) ({or} 72... Kh8 {were called
for.}) 73. Bd6 $2 (73. Be6+ $1 Kh8 74. Bf8 $1 {was winning, e.g.} f5 75. gxf5
Ra7 76. f6 gxf6 77. Bf7 {and Black can resign.}) 73... Kh8 (73... Rb6 $1) 74.
Bf8 $1 Kg8 75. Ba3 (75. Bc5 $1 Kh8 76. Be6 Rb8 77. h5 Ra8 78. g5 $3 {gave
White winning chances. I suspect Black can give up an exchange and save like
in the game, but it is not so easy.} Ra5 $1 (78... hxg5 $2 79. h6 $1 gxh6 80.
Be7 Rg8+ 81. Kxh6 Rg7 82. Bxf6 {is a study-like variation.}) (78... fxg5 $2 79.
Bd4 $18) 79. gxh6 gxh6 80. Be7 Rg5+ 81. Kxh6 Rg7 $1 {and the final outcome
remains unclear, unless you have access to 7-men tablebases.}) 75... Kh8 (75...
Rb6 $1) 76. Be6 (76. Bf8 $1) 76... Rb6 77. Kf7 Rb7+ 78. Be7 h5 $1 {Sergey
chooses the right moment to force a draw.} 79. gxh5 (79. g5 fxg5 80. hxg5 h4
$11) 79... f5 (79... Kh7 {was also sufficient.}) 80. Bxf5 Rxe7+ 81. Kxe7 Kg8 {
This position is a theoretical draw. White would need to deprive Black's king
of the squares g8 and h7 to force g7-g5 and then take the pawn en passant.
However, it is not possible to protect g8 and h7 without attacking g7 as well,
which leads to a stalemate after h5xg6 e.p. If White had two light-squared
bishops, he could put one of them on g8 or h7 while defending it with the
other one, thus winning. But this is clearly not the case.} 82. Bd3 Kh8 83. Kf8
g5 84. hxg6 1/2-1/2

[Event "World-ch Carlsen-Karjakin Tiebreak"]
[Site "New York"]
[Date "2016.11.30"]
[Round "3"]
[White "Karjakin, Sergey"]
[Black "Carlsen, Magnus"]
[Result "0-1"]
[WhiteElo "2772"]
[BlackElo "2853"]
[Annotator "Navara,D"]
[PlyCount "76"]
[EventDate "2016.11.30"]
[EventType "match (rapid)"]
[EventRounds "4"]
[EventCountry "USA"]
[SourceTitle "CBM 176"]
[Source "ChessBase"]
[SourceDate "2017.01.17"]
[SourceVersion "1"]
[SourceVersionDate "2017.01.17"]
[SourceQuality "1"]

1. e4 e5 2. Nf3 Nc6 3. Bb5 a6 4. Ba4 Nf6 5. O-O Be7 6. d3 b5 7. Bb3 d6 8. a3
O-O 9. Nc3 Na5 10. Ba2 Be6 {The world champion repeats the continuation from
the 2nd game.} 11. b4 ({Game 2 saw} 11. d4 Bxa2 12. Rxa2 Re8 13. Ra1 Nc4 {
and Magnus equalised.}) 11... Nc6 12. Nd5 Nd4 {The position looks fairly
symmetrical. The only difference being the placement of the bishops.} 13. Ng5 {
White tries to exploit the vulnerability of Black's bishop.} (13. Nxd4 exd4 14.
Bb2 c5 {brings White little, for instance} 15. Nxe7+ Qxe7 16. c3 Bxa2 17. Rxa2
Qe6 18. Ra1 dxc3 19. Bxc3 Nd7 $5 (19... c4 $5) (19... Rac8) 20. f4 f5 {.
White's position looks more pleasant, but Black has no real problems.}) 13...
Bxd5 {This was not forced, but the other moves were hardly better.} 14. exd5
Nd7 15. Ne4 f5 16. Nd2 ({My silicon friend also suggests an alternative} 16. c3
$5 fxe4 17. cxd4 exd3 18. Qxd3 exd4 19. Bb2 Bf6 20. Rae1 a5 (20... Ne5 21. Qd2)
21. Bb1 g6 22. f4 {with an edge for White.}) 16... f4 17. c3 Nf5 18. Ne4 {
This move looks very natural, but it is hard to say where the knight should go.
The computer's suggestion Nd2-b3-a5-c6 looks very optimistic to me, as White's
king is not very well protected. Playing Re1, Nf3 and eventually d3-d4 might
make sense, but Black can take some precautions against it.} Qe8 $1 {Black
improves his queen.} 19. Bb3 Qg6 20. f3 {This move looks fairly natural to me.
The threat of Nf5-h4 looked annoying. On the other hand, now the e3-square
becomes weak, which Black masterfully exploits later on.} Bh4 21. a4 ({With
hindsight} 21. Bd2 {looks better here or on the next move.}) 21... Nf6 (21...
a5 $5) 22. Qe2 a5 $1 {This push changes the character of the play. The
d4-square might become seriously weak.} 23. axb5 {This was probably a correct
decision.} (23. bxa5 Rxa5 24. Ra2 {looks safer at first sight, but} Rfa8 {
would be unpleasant for White anyway, e.g.} 25. Nxf6+ (25. axb5 $2 Rxa2 26.
Bxa2 Nxe4 27. dxe4 Ng3 $1 {gives Black a decisive attack after} 28. hxg3 Bxg3
29. Rd1 Qh5 {.}) 25... Qxf6 26. axb5 $2 Rxa2 27. Bxa2 Ng3 $1 {and Black wins
an exchange, as} 28. hxg3 Bxg3 {is just winning for Black.}) 23... axb4 24. Bd2
bxc3 25. Bxc3 Ne3 {Black could still wait with this move, as the knight also
controlled d4 and g3.} 26. Rfc1 Rxa1 27. Rxa1 Qe8 28. Bc4 Kh8 29. Nxf6 Bxf6 (
29... gxf6 $5 {was a serious option, but White's position would remain
defensible after} 30. Bd2 $1 {.}) 30. Ra3 {The position has remained around
equal.} e4 $1 {A great practical decision. Black exchanges his bad bishop,
activates his major pieces and fortifies his knight's outpost on e3.} 31. dxe4
Bxc3 32. Rxc3 Qe5 33. Rc1 Ra8 (33... Qd4 $5 {was also an option. To prevent
this, White could start with 33.Qd2. However,} 34. Kh1 Ra8 35. Ba2 $1 {still
maintains equality.}) 34. h3 (34. Qd2 Ra1 35. Be2 {might have been more
circumspect.}) 34... h6 (34... Ra1 35. Rxa1 Qxa1+ 36. Kh2 h6 {looks more
pleasant for Black, but White's position is solid enough to resist.}) 35. Kh2 (
35. Qd2 $1) 35... Qd4 36. Qe1 $6 (36. e5 $1 Qxe5 37. Bd3 {or}) (36. Ba2 {
might still have sufficed for equality, but it is very hard to keep one's cool
with the clock ticking.}) 36... Qb2 37. Bf1 ({Computers suggest} 37. Be2 $1 Ra2
38. e5 $3 {, for instance:} Qxe5 (38... Qxe2 $6 39. Qxe2 Rxe2 40. b6 $1 $11 {
and the passed pawns save White.}) (38... dxe5 $6 39. d6 $1 cxd6 40. Rc8+ Kh7
41. Bd3+ g6 42. Rc2 $3 Qb3 (42... Nxc2 $4 {even loses to} 43. Qe4 $1) 43. Qh4
$1 Rxc2 44. Qe7+ Kg8 45. Qe8+ Kg7 46. Qxg6+ Kf8 47. Qxd6+ {with a perpetual.})
39. b6 $1 Qg5 $1 (39... Nxg2 40. b7 Nxe1 41. b8=Q+ Kh7 42. Qb1+) 40. Qf2 Qg3+
$1 41. Qxg3 fxg3+ 42. Kxg3 Rxe2 43. bxc7 Rxg2+ 44. Kf4 Nxd5+ 45. Ke4 Nxc7 46.
Rxc7 {with a drawish endgame. But this would be extremely difficult to find
even in a classical game. We should not criticise Sergey for missing this.
After all, most of us prefer human games to computer encounters, which might
be far too incomprehensible for us mortals.}) 37... Ra2 38. Rxc7 $2 (38. Rb1 $1
{was a must. Black's position looks dominant after} Qd4 {, but White defends
everything for the time being.}) 38... Ra1 {Magnus played an excellent game.
He created such strong pressure, that even such a great defender like Sergey
failed to cope with it.} 0-1